Microeconomía (Registro nro. 4126)
[ vista simple ]
| 000 -Cabecera | |
|---|---|
| Campo de control de longitud fija | 00890nam a22003617a 4500 |
| 005 - Fecha y hora de la última transacción | |
| Campo de control | 20250818145530.0 |
| 008 - Elementos de longitud fija--Información general | |
| Campo de control de longitud fija | 150324b2013 xxu||||| |||| 00| 0 spa d |
| 020 ## - International Standard Book Number | |
| Número Internacional Estándar del Libro (ISBN) | 9788415552475 |
| 041 ## - Idioma | |
| Código de idioma | Español |
| 082 ## - Clasificación Decimal Dewey | |
| Número de clasificación | 338.5 P648m8 |
| 100 ## - Entrada principal--Autor personal | |
| Nombre personal | Pindyck, Robert |
| 9 (RLIN) | 8418 |
| 100 ## - Entrada principal--Autor personal | |
| Nombre personal | Rubinfeld, Daniel |
| 9 (RLIN) | 8419 |
| 245 ## - Título propiamente dicho | |
| Título | Microeconomía |
| 250 ## - Edición | |
| Mención de edición | 8 edición |
| 260 ## - Pie de imprenta | |
| Lugar de publicación, distribución, etc. | España |
| 260 ## - Pie de imprenta | |
| Nombre del editor, distribuidor, etc. | Pearson |
| 260 ## - Pie de imprenta | |
| Fecha de publicación, distribución, etc. | 2013 |
| 300 ## - Descripción física | |
| Extensión | 776 páginas |
| 490 ## - Serie | |
| Título de la Serie | Dirección y Administración de Empresas |
| 650 ## - Materia general | |
| Temática (materia general) | MICROECONOMÍA |
| 650 ## - Materia general | |
| Temática (materia general) | MERCADOS |
| 650 ## - Materia general | |
| Temática (materia general) | FIJACIÓN DE PRECIOS |
| 650 ## - Materia general | |
| Temática (materia general) | CONSUMIDORES |
| 650 ## - Materia general | |
| Temática (materia general) | DEMANDA |
| 650 ## - Materia general | |
| Temática (materia general) | OFERTA |
| 650 ## - Materia general | |
| Temática (materia general) | PRODUCCIÓN |
| 650 ## - Materia general | |
| Temática (materia general) | COMPETITIVIDAD |
| 650 ## - Materia general | |
| Temática (materia general) | EQUILIBRIO ECONÓMICO |
| 650 ## - Materia general | |
| Temática (materia general) | TEORIA DE LOS JUEGOS |
| 650 ## - Materia general | |
| Temática (materia general) | BIENES PÚBLICOS |
| 650 ## - Materia general | |
| Temática (materia general) | PRECIOS |
| 942 ## - Punto de acceso adicional KOHA | |
| Tipo de ítem KOHA | Libro |
| Fuente del sistema de clasificación o colocación | Dewey Decimal Classification |
| Signatura completa | Código de barras | Programa Académico | Tipo de ítem |
|---|---|---|---|
| 338.5 P648m8 | 19631 | Dirección y Administración de Empresas | Libro |
| 338.5 P648m8 | 19361 | Dirección y Administración de Empresas | Libro |